India politics and government,1919 - 1947
| Format: | Book |
|---|---|
| Published: |
Chennai :
Vitiyal pathippagam ,
2008
|
| Series: | Vol 2
|
| Subjects: |
MARC
| LEADER | 00000cam a2200000 7i4500 | ||
|---|---|---|---|
| 001 | 0000035566 | ||
| 005 | 20130509.0 | ||
| 008 | 130509 | ||
| 090 | 0 | 0 | |a 954.035092 |b GHO |
| 245 | 1 | 0 | |a India politics and government,1919 - 1947 |
| 260 | |a Chennai : |b Vitiyal pathippagam , |c 2008 | ||
| 440 | 0 | |a Vol 2 | |
| 500 | |||
| 650 | 0 | |a Gandhi mahafina 1869 - 1948. | |
| 999 | |a 0001219842 |b Book |c Tamil Collection |e Perbadanan Perpustakaan Awam Johor | ||